[Event "OP-2023-0-05371"]
[Site "LSS email"]
[Date "2023.01.24"]
[Round "?"]
[White "Jurik, Jimmy"]
[Black "Prochazka, Pavel"]
[Result "0-1"]
[WhiteElo "1119"]
[BlackElo "1789"]
[PlyCount "66"]
[EventDate "2023.01.13"]
[EventType "tourn (corr)"]
[EventRounds "4"]
[EventCountry "GER"]
[SourceTitle "Corr 2024"]
[Source "ChessBase"]
[SourceDate "2023.10.19"]
[SourceVersion "1"]
[SourceVersionDate "2023.10.19"]
[SourceQuality "1"]

1. c4 e6 2. Nc3 d5 3. e3 c5 4. cxd5 exd5 5. d4 Nf6 6. Nf3 Nc6 7. Bb5 Be7 8. Ne5 Qd6 9. b3 0-0 10. Nxc6 bxc6 11. Be2 cxd4 12. Qxd4 Rd8 13. 0-0 c5 14. Qd3 Rb8 15. Bb2 Ng4 16. Bxg4 Bxg4 17. f3 Be6 18. Ne2 d4 19. exd4 c4 20. Qd2 Bf6 21. Bc3 cxb3 22. axb3 Rxb3 23. Rfb1 Rxb1+ 24. Rxb1 h6 25. Ra1 Bc4 26. Rxa7 Bxe2 27. Qxe2 Bxd4+ 28. Bxd4 Qxd4+ 29. Qf2 Qc3 30. h4 Rd2 31. Ra8+ Kh7 32. Qg3 Rd4 33. Ra5 Qxa5 0-1

[Event "OP-2023-0-05371"]
[Site "LSS email"]
[Date "2023.01.24"]
[Round "?"]
[White "Prochazka, Pavel"]
[Black "Sueiro Coronado, Jose Rafael"]
[Result "1/2-1/2"]
[WhiteElo "1789"]
[BlackElo "800"]
[PlyCount "85"]
[EventDate "2023.01.13"]
[EventType "tourn (corr)"]
[EventRounds "4"]
[EventCountry "GER"]
[SourceTitle "Corr 2024"]
[Source "ChessBase"]
[SourceDate "2023.10.19"]
[SourceVersion "1"]
[SourceVersionDate "2023.10.19"]
[SourceQuality "1"]

1. e4 c5 2. Nf3 Nc6 3. Nc3 g6 4. d4 cxd4 5. Nxd4 Bg7 6. Nxc6 bxc6 7. Bc4 Qc7 8. Qe2 d6 9. Bf4 Nf6 10. e5 Nh5 11. exd6 Nxf4 12. dxc7 Nxe2 13. Kxe2 Kd7 14. Rad1+ Kxc7 15. Na4 Rf8 16. b3 Bf5 17. Nc5 Be5 18. Bd3 Bd6 19. Bxf5 Bxc5 20. Rd7+ Kb6 21. Be4 f5 22. Bd3 Rad8 23. Rxd8 Rxd8 24. f3 Kc7 25. Rd1 Bb4 26. Bc4 Rxd1 27. Kxd1 h6 28. Bf7 g5 29. Bg6 e6 30. g4 fxg4 31. fxg4 Kd6 32. Ke2 Ke5 33. Bf7 Kd5 34. Kd3 Bd6 35. h3 a5 36. Bg6 Bg3 37. Bh7 c5 38. Be4+ Kd6 39. Kc4 Bf4 40. Bg2 Bd2 41. a4 Be1 42. Be4 Bd2 43. Bh1 1/2-1/2

[Event "OP-2023-0-05371"]
[Site "LSS email"]
[Date "2023.01.24"]
[Round "?"]
[White "Yaltirik, Osman"]
[Black "Prochazka, Pavel"]
[Result "1/2-1/2"]
[WhiteElo "1600"]
[BlackElo "1789"]
[PlyCount "148"]
[EventDate "2023.01.13"]
[EventType "tourn (corr)"]
[EventRounds "4"]
[EventCountry "GER"]
[SourceTitle "Corr 2024"]
[Source "ChessBase"]
[SourceDate "2023.10.19"]
[SourceVersion "1"]
[SourceVersionDate "2023.10.19"]
[SourceQuality "1"]

1. e4 c5 2. Nf3 Nc6 3. Bb5 g6 4. Bxc6 bxc6 5. 0-0 Bg7 6. Re1 Rb8 7. c3 Nf6 8. d4 cxd4 9. cxd4 0-0 10. Nc3 d6 11. h3 Nd7 12. b3 c5 13. Be3 Bb7 14. Rc1 Qa5 15. Qd2 Rfc8 16. dxc5 Nxc5 17. Bd4 Bf8 18. Rc2 e5 19. Bxc5 Rxc5 20. b4 Qxb4 21. Rb1 Qc4 22. Rb3 a5 23. Ne1 Qa6 24. Nd5 Rbc8 25. Nf6+ Kg7 26. Nh5+ Kh8 27. Rxc5 Rxc5 28. Qg5 Bxe4 29. Qf6+ Kg8 30. Qh4 Bf5 31. Nf6+ Kg7 32. Ne8+ Kh8 33. Nf3 Qc4 34. Qxc4 Rxc4 35. Ng5 Rb4 36. Rc3 Be7 37. Nxf7+ Kg8 38. Nfxd6 Be6 39. Rc5 Rb6 40. Rxe5 Bxd6 41. Nxd6 Rxd6 42. Rxa5 Rd1+ 43. Kh2 Rd2 44. Kg3 Rxa2 45. Re5 Kf7 46. Re3 Ra4 47. Rf3+ Ke7 48. Rd3 g5 49. Rc3 h5 50. Rc5 h4+ 51. Kh2 Kf6 52. Rc1 Ra2 53. f3 Ke5 54. Re1+ Kf5 55. Kh1 Bd5 56. Rd1 Ke5 57. Kg1 Rb2 58. Rd3 Bb7 59. Rd8 Rc2 60. Rf8 Rc8 61. Rf7 Bd5 62. Re7+ Kf4 63. Kh2 Rc2 64. Rd7 Bc4 65. Rc7 Bd3 66. Rf7+ Ke5 67. Kg1 Rb2 68. Ra7 Bc4 69. Re7+ Be6 70. Kh2 Rd2 71. Re8 Re2 72. Rb8 Ra2 73. Rb4 Rc2 74. Rb8 Kf4 1/2-1/2

[Event "OP-2022-0-05308"]
[Site "LSS email"]
[Date "2022.07.17"]
[Round "?"]
[White "Prochazka, Pavel"]
[Black "Swiatek, Janusz"]
[Result "1/2-1/2"]
[WhiteElo "1775"]
[BlackElo "2026"]
[PlyCount "62"]
[EventDate "2022.07.04"]
[EventType "tourn (corr)"]
[EventRounds "4"]
[EventCountry "GER"]
[SourceTitle "Corr 2024"]
[Source "ChessBase"]
[SourceDate "2023.10.19"]
[SourceVersion "1"]
[SourceVersionDate "2023.10.19"]
[SourceQuality "1"]

1. e4 c5 2. Nf3 d6 3. Bb5+ Bd7 4. Bxd7+ Qxd7 5. d4 cxd4 6. Nxd4 Nf6 7. f3 e5 8. Nf5 d5 9. Bg5 d4 10. c3 Nc6 11. cxd4 exd4 12. Bxf6 gxf6 13. Nd2 Ne7 14. Qe2 d3 15. Qe3 Nxf5 16. exf5+ Be7 17. 0-0-0 Rc8+ 18. Kb1 0-0 19. Rhe1 Rfe8 20. Ne4 Red8 21. g4 Kg7 22. Rc1 Rxc1+ 23. Rxc1 h5 24. h3 h4 25. Rd1 Qb5 26. Nc3 Qc5 27. Rxd3 Rxd3 28. Qxd3 Bd6 29. Qd1 Be5 30. Ne4 Qb4 31. Qe2 Qd4 1/2-1/2

[Event "ZI-2021-0-02693"]
[Site "LSS email"]
[Date "2021.07.18"]
[Round "?"]
[White "Vitello, Gabry"]
[Black "Prochazka, Pavel"]
[Result "1/2-1/2"]
[WhiteElo "1802"]
[BlackElo "1794"]
[PlyCount "55"]
[EventDate "2021.06.23"]
[EventType "match (corr)"]
[EventRounds "2"]
[EventCountry "GER"]
[SourceTitle "Corr 2024"]
[Source "ChessBase"]
[SourceDate "2023.10.19"]
[SourceVersion "1"]
[SourceVersionDate "2023.10.19"]
[SourceQuality "1"]

1. d4 d5 2. Nf3 e6 3. c4 Nf6 4. Nc3 Be7 5. Bf4 0-0 6. e3 Nbd7 7. Be2 dxc4 8. Bxc4 a6 9. a4 Nh5 10. Be5 Nhf6 11. 0-0 Nxe5 12. dxe5 Nd7 13. Be2 c5 14. Qc2 Qc7 15. Qe4 Rd8 16. Rfd1 h6 17. b3 Rb8 18. Qf4 Nf8 19. Rxd8 Bxd8 20. Qg3 Bd7 21. a5 b5 22. axb6 Qxb6 23. Nd2 Qb4 24. Rc1 Bc6 25. f4 Ng6 26. Qe1 Ba5 27. Nc4 Bc7 28. Qd2 1/2-1/2

[Event "ZI-2021-0-02673"]
[Site "LSS email"]
[Date "2021.02.07"]
[Round "?"]
[White "Hrubaru, Mircea"]
[Black "Prochazka, Pavel"]
[Result "0-1"]
[WhiteElo "1648"]
[BlackElo "1800"]
[PlyCount "86"]
[EventDate "2020.12.06"]
[EventType "match (corr)"]
[EventRounds "2"]
[EventCountry "GER"]
[SourceTitle "Corr 2024"]
[Source "ChessBase"]
[SourceDate "2023.10.19"]
[SourceVersion "1"]
[SourceVersionDate "2023.10.19"]
[SourceQuality "1"]

1. d4 Nf6 2. c4 e6 3. Nf3 d5 4. g3 Nc6 5. Bg2 Bb4+ 6. Bd2 a5 7. Qc2 dxc4 8. Qxc4 Qd5 9. Qd3 Qf5 10. Qc4 Qd5 11. Qd3 Qe4 12. Qxe4 Nxe4 13. a3 Bd6 14. Be3 Nf6 15. Nc3 Ra6 16. 0-0 0-0 17. Rac1 Nd5 18. Bd2 f5 19. Nxd5 exd5 20. Bf4 Bxf4 21. gxf4 Rb6 22. Rc2 Be6 23. e3 h6 24. Rfc1 Kf7 25. h4 Rg8 26. Bf1 Bd7 27. Rc5 Ke6 28. Bb5 Rc8 29. R1c2 Be8 30. Ba4 Ra8 31. Kg2 Kd6 32. b3 Ke6 33. R2c3 Rba6 34. Rc1 Rb6 35. Kh2 g6 36. Kg2 Rc8 37. Kf1 Ra8 38. Ke1 Rba6 39. Ke2 Rb6 40. Kd2 Rba6 41. Ne1 Kf6 42. Nd3 Nxd4 43. Rxc7 b5 0-1

[Event "ZI-2020-0-02669"]
[Site "LSS email"]
[Date "2020.11.30"]
[Round "?"]
[White "Prochazka, Pavel"]
[Black "Krol, Wladyslaw"]
[Result "1/2-1/2"]
[WhiteElo "1800"]
[BlackElo "1799"]
[PlyCount "68"]
[EventDate "2020.10.09"]
[EventType "match (corr)"]
[EventRounds "2"]
[EventCountry "GER"]
[SourceTitle "Corr 2022"]
[Source "ChessBase"]
[SourceDate "2021.10.24"]
[SourceVersion "1"]
[SourceVersionDate "2021.10.24"]
[SourceQuality "1"]

1. e4 e5 2. Nf3 Nf6 3. Nxe5 d6 4. Nf3 Nxe4 5. d4 d5 6. Bd3 f5 7. 0-0 Be6 8. Qe2 Be7 9. c4 c6 10. Nc3 0-0 11. Re1 Nd7 12. Qc2 Bf7 13. cxd5 cxd5 14. Qb3 Bf6 15. Qxb7 Rb8 16. Qc6 Re8 17. Ne2 Nf8 18. b3 Bh5 19. Be3 g5 20. Rad1 Re6 21. Qc2 Ng6 22. Bxe4 fxe4 23. Ne5 Bxe5 24. dxe5 Nxe5 25. Nd4 Bxd1 26. Rxd1 Rg6 27. Nf5 Qd7 28. Ng3 h6 29. h3 Rd6 30. Qd2 Rd8 31. Qd4 Nc6 32. Qc5 Qe6 33. Rc1 R8d7 34. Bd2 Kh7 1/2-1/2

[Event "LSS No Engine Cup 209 Preliminary 0"]
[Site "LSS email"]
[Date "2020.10.24"]
[Round "?"]
[White "Brandt, Volker"]
[Black "Prochazka, Pavel"]
[Result "0-1"]
[WhiteElo "1600"]
[BlackElo "1600"]
[PlyCount "38"]
[EventDate "2020.10.24"]
[EventType "tourn (corr)"]
[EventRounds "6"]
[EventCountry "GER"]
[SourceTitle "Corr 2024"]
[Source "ChessBase"]
[SourceDate "2023.10.19"]
[SourceVersion "1"]
[SourceVersionDate "2023.10.19"]
[SourceQuality "1"]

1. b4 e5 2. Bb2 Bxb4 3. Bxe5 Nf6 4. c3 Be7 5. f3 d5 6. d4 0-0 7. Nd2 Re8 8. e4 c5 9. Bxf6 Bxf6 10. e5 Bg5 11. Ne2 Be3 12. Nb3 f6 13. f4 fxe5 14. fxe5 cxd4 15. cxd4 Qh4+ 16. g3 Qe4 17. Nc5 Qxh1 18. Qb3 Bh3 19. Qxb7 Qxf1# 0-1

[Event "LSS No Engine Cup 209 Preliminary 0"]
[Site "LSS email"]
[Date "2020.10.24"]
[Round "?"]
[White "Gavrileteanu, Lucian"]
[Black "Prochazka, Pavel"]
[Result "1-0"]
[WhiteElo "2189"]
[BlackElo "1600"]
[PlyCount "53"]
[EventDate "2020.10.24"]
[EventType "tourn (corr)"]
[EventRounds "6"]
[EventCountry "GER"]
[SourceTitle "Corr 2024"]
[Source "ChessBase"]
[SourceDate "2023.10.19"]
[SourceVersion "1"]
[SourceVersionDate "2023.10.19"]
[SourceQuality "1"]

1. e4 e5 2. Nf3 Nc6 3. d4 exd4 4. Nxd4 Nf6 5. Nxc6 bxc6 6. e5 Qe7 7. Qe2 Nd5 8. h4 d6 9. c4 Nb6 10. exd6 cxd6 11. Be3 Be6 12. Qc2 g6 13. Qc3 Rg8 14. Nd2 Bg7 15. Qc2 Rb8 16. Be2 Bf5 17. Bd3 Bxb2 18. Qxb2 Bxd3 19. Qb3 Bf5 20. 0-0 Qxh4 21. Rfe1 Kd7 22. Qa3 Nc8 23. Rad1 f6 24. Nb3 Qxc4 25. Rd4 Rxb3 26. axb3 Qc3 27. Rc1 1-0

[Event "OP-2020-0-04930"]
[Site "LSS email"]
[Date "2020.02.23"]
[Round "?"]
[White "Prochazka, Pavel"]
[Black "Molina, Vicente Andres"]
[Result "1-0"]
[WhiteElo "1796"]
[BlackElo "500"]
[PlyCount "61"]
[EventDate "2020.02.19"]
[EventType "tourn (corr)"]
[EventRounds "4"]
[EventCountry "GER"]
[SourceTitle "Corr 2022"]
[Source "ChessBase"]
[SourceDate "2021.10.24"]
[SourceVersion "1"]
[SourceVersionDate "2021.10.24"]
[SourceQuality "1"]

1. e4 c5 2. Nf3 Nc6 3. Nc3 d6 4. Bc4 e6 5. d4 cxd4 6. Nxd4 Nf6 7. Be3 Be7 8. 0-0 Nxd4 9. Qxd4 e5 10. Bb5+ Bd7 11. Bxd7+ Qxd7 12. Qd3 0-0 13. Rfd1 Qe6 14. Nb5 Ne8 15. Bxa7 f5 16. exf5 Qxf5 17. Qxf5 Rxf5 18. c4 Nf6 19. h3 e4 20. Be3 Nd7 21. Nxd6 Bxd6 22. Rxd6 Ne5 23. Rd4 Nd3 24. Rxe4 Nxb2 25. Rb1 Rxa2 26. c5 Na4 27. Rxb7 Nc3 28. Re8+ Rf8 29. Ree7 Ne2+ 30. Kh2 Nc3 31. Rxg7+ 1-0

[Event "ZL-2019-0-02186"]
[Site "LSS email"]
[Date "2019.09.20"]
[Round "?"]
[White "Lauer, Frederic"]
[Black "Prochazka, Pavel"]
[Result "0-1"]
[WhiteElo "1233"]
[BlackElo "1778"]
[PlyCount "68"]
[EventDate "2019.08.29"]
[EventType "match (corr)"]
[EventRounds "2"]
[EventCountry "GER"]
[SourceTitle "Corr 2022"]
[Source "ChessBase"]
[SourceDate "2021.10.24"]
[SourceVersion "1"]
[SourceVersionDate "2021.10.24"]
[SourceQuality "1"]

1. e4 e5 2. Nf3 Nc6 3. Nc3 Nf6 4. Bb5 Bc5 5. Nxe5 Nxe5 6. d4 Bd6 7. dxe5 Bxe5 8. 0-0 0-0 9. Bd3 c6 10. Bg5 h6 11. Bh4 Qb6 12. Rb1 Re8 13. Qd2 Qc5 14. Kh1 Bxc3 15. Qxc3 Qxc3 16. bxc3 g5 17. Bg3 Nxe4 18. Bxe4 Rxe4 19. Rfe1 d5 20. Rxe4 dxe4 21. h4 b5 22. hxg5 hxg5 23. Rd1 Be6 24. a3 Bd5 25. Rd4 Re8 26. a4 e3 27. fxe3 Rxe3 28. Bd6 Rxc3 29. axb5 Rxc2 30. bxc6 Bxg2+ 31. Kg1 Bxc6 32. Be7 f5 33. Kf1 g4 34. Bh4 a5 0-1

[Event "ZL-2019-0-02186"]
[Site "LSS email"]
[Date "2019.09.20"]
[Round "?"]
[White "Prochazka, Pavel"]
[Black "Lauer, Frederic"]
[Result "1-0"]
[WhiteElo "1778"]
[BlackElo "1233"]
[PlyCount "33"]
[EventDate "2019.08.29"]
[EventType "match (corr)"]
[EventRounds "2"]
[EventCountry "GER"]
[SourceTitle "Corr 2022"]
[Source "ChessBase"]
[SourceDate "2021.10.24"]
[SourceVersion "1"]
[SourceVersionDate "2021.10.24"]
[SourceQuality "1"]

1. e4 d5 2. exd5 Qxd5 3. Nc3 Qa5 4. Nf3 Nf6 5. d4 Nc6 6. Bd2 a6 7. Bc4 Qh5 8. h3 Bg4 9. Be2 0-0-0 10. 0-0 Bxf3 11. Bxf3 Qf5 12. Bxc6 bxc6 13. Qe2 Kb7 14. Rab1 Nd5 15. Ne4 e6 16. b4 Nb6 17. Nc5+ 1-0

[Event "ZL-2019-0-02167"]
[Site "LSS email"]
[Date "2019.06.08"]
[Round "?"]
[White "Prochazka, Pavel"]
[Black "Shim Ng Min, Francis"]
[Result "1-0"]
[WhiteElo "1785"]
[BlackElo "1275"]
[PlyCount "38"]
[EventDate "2019.05.30"]
[EventType "match (corr)"]
[EventRounds "2"]
[EventCountry "GER"]
[SourceTitle "Corr 2022"]
[Source "ChessBase"]
[SourceDate "2021.10.24"]
[SourceVersion "1"]
[SourceVersionDate "2021.10.24"]
[SourceQuality "1"]

1. e4 c5 2. Nf3 d6 3. d4 cxd4 4. Nxd4 Nf6 5. Nc3 a6 6. Bg5 Nbd7 7. Be2 Qa5 8. Qd2 g6 9. 0-0-0 Bg7 10. f4 0-0 11. Qe3 e5 12. Nb3 Qc7 13. fxe5 dxe5 14. g4 Nb6 15. Qf2 Nxg4 16. Qh4 h5 17. h3 Nh6 18. Bd8 Qc6 19. Bxh5 gxh5 1-0

[Event "OP-2018-0-04550"]
[Site "LSS email"]
[Date "2018.03.17"]
[Round "?"]
[White "Prochazka, Pavel"]
[Black "Glowinski, Daniel"]
[Result "1-0"]
[WhiteElo "1802"]
[BlackElo "1400"]
[PlyCount "59"]
[EventDate "2018.03.12"]
[EventType "tourn (corr)"]
[EventRounds "4"]
[EventCountry "GER"]
[SourceTitle "Corr 2022"]
[Source "ChessBase"]
[SourceDate "2021.10.24"]
[SourceVersion "1"]
[SourceVersionDate "2021.10.24"]
[SourceQuality "1"]

1. e4 c5 2. Nf3 d6 3. Nc3 Nc6 4. Bc4 Nf6 5. 0-0 g6 6. d4 cxd4 7. Nxd4 Nxd4 8. Qxd4 Bg7 9. Bg5 0-0 10. Qd3 h6 11. Bf4 Ng4 12. Bb3 Bd7 13. Rad1 g5 14. Bc1 Rc8 15. h3 Ne5 16. Qe2 Kh7 17. f4 gxf4 18. Bxf4 Qa5 19. Rf2 Ng6 20. Bc1 Bxc3 21. bxc3 Be6 22. Rdf1 Qc5 23. Kh1 Kg7 24. Bd2 Kh7 25. Rf5 Bxf5 26. Rxf5 d5 27. Qh5 Kg8 28. Bxd5 Qb6 29. Qxh6 e6 30. Be3 1-0

[Event "OP-2018-0-04550"]
[Site "LSS email"]
[Date "2018.03.17"]
[Round "?"]
[White "Prochazka, Pavel"]
[Black "Tolnai, Rudolf"]
[Result "1-0"]
[WhiteElo "1802"]
[BlackElo "834"]
[PlyCount "37"]
[EventDate "2018.03.12"]
[EventType "tourn (corr)"]
[EventRounds "4"]
[EventCountry "GER"]
[SourceTitle "Corr 2022"]
[Source "ChessBase"]
[SourceDate "2021.10.24"]
[SourceVersion "1"]
[SourceVersionDate "2021.10.24"]
[SourceQuality "1"]

1. e4 e5 2. Nf3 Nc6 3. Bb5 Nge7 4. Nc3 a6 5. Bc4 h6 6. 0-0 d6 7. a4 Ng6 8. d4 exd4 9. Nxd4 Nce5 10. Bb3 Be7 11. f4 Bg4 12. Bxf7+ Kd7 13. Be6+ Ke8 14. Bxg4 Nc4 15. Ne6 Qb8 16. Qd5 Nb6 17. Qh5 Qa7 18. Be3 Kf7 19. Bf5 1-0

[Event "OP-2017-0-04488"]
[Site "LSS email"]
[Date "2017.12.06"]
[Round "?"]
[White "Guaimare Rodriguez, Carlos Luis"]
[Black "Prochazka, Pavel"]
[Result "0-1"]
[WhiteElo "997"]
[BlackElo "1782"]
[PlyCount "58"]
[EventDate "2017.11.29"]
[EventType "tourn (corr)"]
[EventRounds "4"]
[EventCountry "GER"]
[SourceTitle "Corr 2022"]
[Source "ChessBase"]
[SourceDate "2021.10.24"]
[SourceVersion "1"]
[SourceVersionDate "2021.10.24"]
[SourceQuality "1"]

1. e4 e5 2. Nf3 Nc6 3. Bb5 Nf6 4. d3 Bc5 5. 0-0 d6 6. c3 0-0 7. h3 Bd7 8. Nbd2 a6 9. Ba4 b5 10. Bc2 Qe7 11. Re1 b4 12. Nf1 bxc3 13. bxc3 Rfb8 14. Bg5 h6 15. Be3 Ba3 16. Ng3 Bb2 17. Rb1 Bxc3 18. Rf1 Bd4 19. Nxd4 Nxd4 20. Bxd4 exd4 21. Nf5 Bxf5 22. exf5 Qe5 23. Re1 Qxf5 24. Qe2 Rxb1 25. Rxb1 Re8 26. Qd2 Nd5 27. Bb3 Nf4 28. Re1 Nxh3+ 29. gxh3 Qg5+ 0-1

[Event "OP-2017-0-04488"]
[Site "LSS email"]
[Date "2017.12.06"]
[Round "?"]
[White "Prochazka, Pavel"]
[Black "Shim Ng Min, Francis"]
[Result "1-0"]
[WhiteElo "1782"]
[BlackElo "1262"]
[PlyCount "37"]
[EventDate "2017.11.29"]
[EventType "tourn (corr)"]
[EventRounds "4"]
[EventCountry "GER"]
[SourceTitle "Corr 2022"]
[Source "ChessBase"]
[SourceDate "2021.10.24"]
[SourceVersion "1"]
[SourceVersionDate "2021.10.24"]
[SourceQuality "1"]

1. e4 c5 2. Nf3 d6 3. Nc3 Nf6 4. d4 cxd4 5. Nxd4 a6 6. Bc4 e6 7. 0-0 Be7 8. Qf3 0-0 9. Qg3 Kh8 10. Be3 Bd7 11. Be2 Nc6 12. Rfd1 Nxd4 13. Rxd4 Qa5 14. a3 Bc6 15. Rb1 Rad8 16. Rbd1 b5 17. Bg5 e5 18. Bxf6 Bxf6 19. Rxd6 1-0

[Event "OP-2017-0-04429"]
[Site "LSS email"]
[Date "2017.09.04"]
[Round "?"]
[White "Prochazka, Pavel"]
[Black "Centers, Jonathan"]
[Result "1-0"]
[WhiteElo "1780"]
[BlackElo "1530"]
[PlyCount "65"]
[EventDate "2017.08.30"]
[EventType "tourn (corr)"]
[EventRounds "4"]
[EventCountry "GER"]
[SourceTitle "Corr 2022"]
[Source "ChessBase"]
[SourceDate "2021.10.24"]
[SourceVersion "1"]
[SourceVersionDate "2021.10.24"]
[SourceQuality "1"]

1. e4 e6 2. Nf3 d5 3. exd5 exd5 4. d4 Bd6 5. Nc3 Nf6 6. Bg5 c6 7. Qd2 0-0 8. 0-0-0 Be6 9. Bf4 a5 10. Re1 b5 11. Ng5 Bf5 12. Be5 Bb4 13. Qf4 Bg6 14. Bd3 Nh5 15. Qd2 Nd7 16. Bxg6 hxg6 17. f4 a4 18. a3 Nxe5 19. dxe5 Be7 20. e6 f5 21. Ne2 Qb6 22. Qd4 c5 23. Qxd5 b4 24. Qc4 bxa3 25. bxa3 Rab8 26. Nf7 Nf6 27. Kd2 Qa5+ 28. Nc3 Rfd8+ 29. Nxd8 Rxd8+ 30. Kc1 Rd4 31. Qa2 Qxc3 32. Qb2 Qd2+ 33. Kb1 1-0

[Event "OP-2017-0-04389"]
[Site "LSS email"]
[Date "2017.07.13"]
[Round "?"]
[White "Prochazka, Pavel"]
[Black "Abascal, Rodrigo"]
[Result "1-0"]
[WhiteElo "1778"]
[BlackElo "1450"]
[PlyCount "143"]
[EventDate "2017.07.07"]
[EventType "tourn (corr)"]
[EventRounds "4"]
[EventCountry "GER"]
[SourceTitle "Corr 2022"]
[Source "ChessBase"]
[SourceDate "2021.10.24"]
[SourceVersion "1"]
[SourceVersionDate "2021.10.24"]
[SourceQuality "1"]

1. d4 d5 2. Nf3 Nf6 3. Nc3 e6 4. Bf4 Bb4 5. g3 0-0 6. Bg2 b6 7. 0-0 Ba6 8. Ne5 Bxc3 9. bxc3 Ne4 10. Qe1 Nd7 11. Nd3 Re8 12. a3 Rc8 13. a4 c5 14. f3 Nef6 15. Qd2 Qe7 16. Bh3 Bxd3 17. cxd3 Nb8 18. Rfc1 cxd4 19. cxd4 Nc6 20. Qb2 Qd7 21. Be3 Ne7 22. Qb4 Red8 23. Kg2 Ne8 24. Bg5 Nc6 25. Qb2 f6 26. Bd2 Nd6 27. e4 Nf7 28. Be3 Ng5 29. Bg4 Nf7 30. f4 Qd6 31. Bf3 Nb4 32. e5 Qe7 33. Qb3 Nh6 34. exf6 gxf6 35. g4 Qd6 36. Bd2 Nc6 37. Qb2 Kh8 38. Rg1 Ng8 39. h4 Nge7 40. h5 Rg8 41. Kh3 a5 42. Qxb6 Rb8 43. Qc5 Qxc5 44. dxc5 Rb3 45. Rg3 Rxd3 46. Ra2 Rd4 47. Be2 Nb4 48. Rb2 Re4 49. Re3 Rxe3+ 50. Bxe3 Nec6 51. Kg3 Kg7 52. Bb5 Rc8 53. Rb1 Kf7 54. g5 e5 55. Kg4 e4 56. Bxc6 Rxc6 57. Rb2 fxg5 58. fxg5 Rc8 59. Kf5 Rf8 60. Bd4 Rg8 61. Rg2 Nc6 62. Bf6 Rf8 63. Rg3 Rg8 64. g6+ hxg6+ 65. hxg6+ Ke8 66. Rg2 Kd7 67. g7 e3 68. Kg6 Ke6 69. Kh7 Rxg7+ 70. Kxg7 d4 71. Bg5 Nb4 72. Kg6 1-0

[Event "OP-2017-0-04319"]
[Site "LSS email"]
[Date "2017.04.06"]
[Round "?"]
[White "Freitas, Paulo"]
[Black "Prochazka, Pavel"]
[Result "0-1"]
[WhiteElo "2188"]
[BlackElo "1765"]
[PlyCount "86"]
[EventDate "2017.03.31"]
[EventType "tourn (corr)"]
[EventRounds "4"]
[EventCountry "GER"]
[SourceTitle "Corr 2022"]
[Source "ChessBase"]
[SourceDate "2021.10.24"]
[SourceVersion "1"]
[SourceVersionDate "2021.10.24"]
[SourceQuality "1"]

1. d4 d5 2. c4 Nc6 3. Nf3 e6 4. Nc3 Nf6 5. e3 Bd6 6. Bd3 Bd7 7. c5 Be7 8. a3 a5 9. 0-0 0-0 10. Qc2 b6 11. Ne5 bxc5 12. Nxd7 Qxd7 13. dxc5 Bxc5 14. Nb5 Ne5 15. Be2 Bd6 16. f4 Ng6 17. Nxd6 cxd6 18. Qd3 Rab8 19. Rb1 a4 20. g3 Ne4 21. Bf3 Rb3 22. Qd4 Qc6 23. Bd1 Nc3 24. Qd3 Nxd1 25. Qxd1 Ne7 26. Bd2 Nf5 27. Re1 Qb6 28. Qe2 Rc8 29. Rbc1 Rxc1 30. Bxc1 d4 31. Qg2 g6 32. e4 Ne3 33. Qe2 Qc6 34. f5 Qxe4 35. fxe6 fxe6 36. Qf2 e5 37. Re2 Kg7 38. Re1 Qb7 39. Bxe3 dxe3 40. Rxe3 Rxb2 41. Re2 Rb1+ 42. Re1 Rxe1+ 43. Qxe1 Qb6+ 0-1

[Event "OP-2017-0-04319"]
[Site "LSS email"]
[Date "2017.04.06"]
[Round "?"]
[White "Prochazka, Pavel"]
[Black "Kuttner, Jaromir"]
[Result "1-0"]
[WhiteElo "1765"]
[BlackElo "961"]
[PlyCount "43"]
[EventDate "2017.03.31"]
[EventType "tourn (corr)"]
[EventRounds "4"]
[EventCountry "GER"]
[SourceTitle "Corr 2022"]
[Source "ChessBase"]
[SourceDate "2021.10.24"]
[SourceVersion "1"]
[SourceVersionDate "2021.10.24"]
[SourceQuality "1"]

1. e4 e5 2. Nf3 Nc6 3. Bb5 a6 4. Bxc6 dxc6 5. 0-0 Bd6 6. d4 Qe7 7. dxe5 Bxe5 8. Nxe5 Qxe5 9. Nc3 Nf6 10. Qf3 Bg4 11. Bf4 Qh5 12. Qg3 0-0 13. Bxc7 Rfe8 14. f3 Be6 15. Rad1 a5 16. Rd4 b5 17. Rfd1 a4 18. a3 c5 19. R4d2 b4 20. Nb5 b3 21. c3 c4 22. Be5 1-0

[Event "OP-2016-0-04168"]
[Site "LSS email"]
[Date "2016.09.27"]
[Round "?"]
[White "Prochazka, Pavel"]
[Black "Sandocal, Uzmir"]
[Result "1/2-1/2"]
[WhiteElo "1752"]
[BlackElo "1746"]
[PlyCount "85"]
[EventDate "2016.09.21"]
[EventType "tourn (corr)"]
[EventRounds "4"]
[EventCountry "GER"]
[SourceTitle "Corr 2022"]
[Source "ChessBase"]
[SourceDate "2021.10.24"]
[SourceVersion "1"]
[SourceVersionDate "2021.10.24"]
[SourceQuality "1"]

1. e4 d5 2. exd5 Qxd5 3. Nc3 Qd8 4. Nf3 Nf6 5. d4 e6 6. Bb5+ Nbd7 7. 0-0 Be7 8. Qe2 a6 9. Bc4 b5 10. Ne5 Nb6 11. Nc6 Qd7 12. Nxe7 bxc4 13. Nxc8 Rxc8 14. a4 Qxd4 15. Rd1 Qc5 16. Be3 Qc6 17. Bd4 Nbd7 18. a5 0-0 19. Ra4 Qb7 20. Qxc4 c5 21. Bxf6 Nxf6 22. b3 Rc6 23. h3 h6 24. Qd3 Qe7 25. g4 Qc7 26. Kg2 c4 27. Rxc4 Rc8 28. Ne4 Nd5 29. Qf3 Nf4+ 30. Kg1 Rxc4 31. bxc4 e5 32. c5 Qxa5 33. Rd7 Qa4 34. Re7 f6 35. Nxf6+ gxf6 36. Qb7 Nxh3+ 37. Kh2 Qxg4 38. f3 Qf4+ 39. Kxh3 Qf5+ 40. Kg2 Qxc2+ 41. Kh1 Qc1+ 42. Kg2 Qc2+ 43. Kh1 1/2-1/2

[Event "OP-2016-0-03975"]
[Site "LSS email"]
[Date "2016.03.01"]
[Round "?"]
[White "Salata, Pavol"]
[Black "Prochazka, Pavel"]
[Result "1/2-1/2"]
[WhiteElo "1322"]
[BlackElo "800"]
[PlyCount "77"]
[EventDate "2016.02.25"]
[EventType "tourn (corr)"]
[EventRounds "4"]
[EventCountry "GER"]
[SourceTitle "Corr 2022"]
[Source "ChessBase"]
[SourceDate "2021.10.24"]
[SourceVersion "1"]
[SourceVersionDate "2021.10.24"]
[SourceQuality "1"]

1. e4 e5 2. Nf3 Nc6 3. d4 exd4 4. Nxd4 Nf6 5. Nc3 Bb4 6. Nxc6 bxc6 7. Bd3 0-0 8. 0-0 Re8 9. Re1 d6 10. Bd2 Ng4 11. h3 Ne5 12. a3 Bc5 13. Be3 Bxe3 14. Rxe3 Rb8 15. b4 a5 16. bxa5 Ra8 17. f4 Ng6 18. Rf3 Qf6 19. Qd2 Qd4+ 20. Kh2 Rxa5 21. Ne2 Qa7 22. Rg3 Kh8 23. f5 Ne5 24. Qg5 Rg8 25. Nf4 Qd4 26. Rb1 Nd7 27. Nh5 Qe5 28. Bc4 d5 29. exd5 cxd5 30. Bb5 Rxa3 31. Bxd7 Rxg3 32. Qxg3 Qxg3+ 33. Kxg3 Bxd7 34. Kf4 Bc6 35. g4 Re8 36. g5 Kg8 37. Rb4 Kf8 38. h4 Kg8 39. c3 1/2-1/2